Yo, tu hija / (Record no. 51672)

MARC details
000 -LEADER
fixed length control field 00743nam a22002177a 4500
005 - DATE AND TIME OF LATEST TRANSACTION
control field 20150124130455.0
008 - FIXED-LENGTH DATA ELEMENTS--GENERAL INFORMATION
fixed length control field 140513t mx||||| |||| 00| 0 spa d
020 ## - INTERNATIONAL STANDARD BOOK NUMBER
International Standard Book Number 9686005110
050 04 - LIBRARY OF CONGRESS CALL NUMBER
Classification number HQ755 .85
Item number C65 1991
100 1# - MAIN ENTRY--PERSONAL NAME
Personal name Collange, Christiane
245 10 - TITLE STATEMENT
Title Yo, tu hija /
Statement of responsibility, etc Christiane Collange ; tr. Ana Ma. de la Fuente.
246 14 - VARYING FORM OF TITLE
Display text Lo que los hijos maduros no se atreven a decir ... Lo que sus ancianos padres fingen no oír
250 ## - EDITION STATEMENT
Edition statement 1a ed.
260 ## - PUBLICATION, DISTRIBUTION, ETC. (IMPRINT)
Place of publication, distribution, etc México :
Name of publisher, distributor, etc Seix Barral,
Date of publication, distribution, etc 1991
300 ## - PHYSICAL DESCRIPTION
Extent 189 p. ;
Dimensions 20 cm.
500 ## - GENERAL NOTE
General note Traducción de : Mot, ta filie
504 ## - BIBLIOGRAPHY, ETC. NOTE
Bibliography, etc Incluye bibliografía
650 #7 - SUBJECT ADDED ENTRY--TOPICAL TERM
Source of heading or term LEMB
Topical term or geographic name as entry element Padres y adolecentes
Geographic subdivision Francia
700 1# - ADDED ENTRY--PERSONAL NAME
Personal name de la Fuente, Ana Ma.,
Relator term tr.
942 ## - ADDED ENTRY ELEMENTS (KOHA)
Source of classification or shelving scheme Clasificación Decimal Dewey
Koha item type Libro
Holdings
Estado de pérdida Fuente de clasificación Estado del daño No para préstamo Ubicación permanente Ubicación actual Apartado o colección Fecha de adquisición Clasificación Código de Barras Date last seen Número de copia Tipo de recurso Nota pública
  Biblioteca del Cogreso de los Estados Unidos     Biblioteca del Sindicato Unico de Empleados de la Universidad Michoacana Biblioteca del Sindicato Unico de Empleados de la Universidad Michoacana General 13/05/2014 HQ755 .85 C65 1991 BSUE000002800 16/01/2015 C : 1 Libro Romero